Länder mit dem höchsten Exportvolumen - Statistiken

Allgemein
  • Dieses Quiz wurde 32 mal gespielt
  • Das Durchschnittsergebnis liegt bei 16 aus 20
Antwortstatistiken
Volumen Land % Korrekt
3,4 Bio. China
100%
1,9 Bio. Deutschland
100%
1,0 Bio. Frankreich
100%
691 Mrd. Kanada
100%
461 Mrd. Russland
100%
3,0 Bio. USA
97%
789 Mrd. Indien
93%
811 Mrd. Japan
93%
739 Mrd. Italien
90%
616 Mrd. Mexiko
90%
606 Mrd. Spanien
87%
760 Mrd. Südkorea
87%
1,1 Bio. Vereinigtes Königreich
87%
488 Mrd. Polen
80%
1,0 Bio. Niederlande
63%
652 Mrd. Schweiz
60%
517 Mrd. Belgien
57%
882 Mrd. Singapur
33%
539 Mrd. VAE
33%
720 Mrd. Irland
30%
Keine übereinstimmenden Quizze gefunden
Verteilung der Resultate
Anzahl Personen mit jedem Resultat
Perzentil nach korrekt beantworteten Fragen
Ihre Resultats-Entwicklung
Sie haben dieses Quiz noch nicht gespielt